Tâm lý bạn trai
Nội dung sách sẽ cung cấp cho người đọc nhiều tài liệu bổ ích trong việc tìm hiểu tâm sinh lý ở lứa tuổi thanh thiếu niên một cách tương đối tinh tế với những khám phá mới và sẽ phần nâng cao sự hiểu biết để vận dụng vào quá trình...
Bewaard in:
| Hoofdauteur: | |
|---|---|
| Formaat: | Boek |
| Taal: | Undetermined |
| Gepubliceerd in: |
Thanh Hóa
Nxb Thanh Hóa
2006
|
| Onderwerpen: | |
| Tags: |
Voeg label toe
Geen labels, Wees de eerste die dit record labelt!
|
| Thư viện lưu trữ: | Trung tâm Học liệu Trường Đại học Cần Thơ |
|---|
| LEADER | 00959nam a2200217Ia 4500 | ||
|---|---|---|---|
| 001 | CTU_112941 | ||
| 008 | 210402s9999 xx 000 0 und d | ||
| 020 | |c 28000 | ||
| 082 | |a 155.5 | ||
| 082 | |b V308 | ||
| 100 | |a Hoàng, Xuân Việt | ||
| 245 | 0 | |a Tâm lý bạn trai | |
| 245 | 0 | |c Hoàng Xuân Việt | |
| 260 | |a Thanh Hóa | ||
| 260 | |b Nxb Thanh Hóa | ||
| 260 | |c 2006 | ||
| 520 | |a Nội dung sách sẽ cung cấp cho người đọc nhiều tài liệu bổ ích trong việc tìm hiểu tâm sinh lý ở lứa tuổi thanh thiếu niên một cách tương đối tinh tế với những khám phá mới và sẽ phần nâng cao sự hiểu biết để vận dụng vào quá trình giáo dục đào tạo thế hệ trẻ. | ||
| 650 | |a Youth | ||
| 650 | |x Psychology | ||
| 904 | |i Giang | ||
| 980 | |a Trung tâm Học liệu Trường Đại học Cần Thơ | ||